Lenguaje jurídico y realidad

Gespeichert in:
Bibliographische Detailangaben
1. Verfasser: Olivecrona, Karl (autor)
Format: Buch
Sprache:Spanisch
Veröffentlicht: Ciudad de México Fontamara 1991
Schlagworte:
Tags: Tag hinzufügen
Keine Tags, Fügen Sie den ersten Tag hinzu!

MARC

LEADER 00000nam a2200000 a 4500
001 UCX9770
003 CL-VaPUC
008 940627e19910000MX |||||||||||||||||spa|d
082 0 4 |a 340.1  |b OLI  |2 21 
100 |a Olivecrona, Karl  |e autor  |9 394953 
245 1 0 |a Lenguaje jurídico y realidad 
300 |a 62 p 
942 |c BK 
945 |d 19940627 00:00:00  |a aalvarez 
260 |a Ciudad de México  |b Fontamara  |c 1991 
650 0 |a Lenguaje jurídico   |9 255988 
583 |a last modification  |c 19940627 00:00:00  |k Rodrigo Vera 
999 |c 228923  |d 228921 
952 |0 0  |1 0  |2 ddc  |4 0  |6 340_100000000000000_OLI_1991  |7 0  |8 DER_TF  |9 229425  |a BIBDER  |b BIBDER  |d 2019-11-15  |i 2983664  |o 340.1 OLI 1991  |p 2983664  |r 2023-01-25  |w 2019-11-15  |x Ubicación 4to Piso  |y MX  |z Estos recursos deben solicitarse con anticipación  |k DER